<?xml version="1.0" encoding="UTF-8"?><?xml-stylesheet type="text/xsl" href="static/style.xsl"?><OAI-PMH xmlns="http://www.openarchives.org/OAI/2.0/" xmlns:xsi="http://www.w3.org/2001/XMLSchema-instance" xsi:schemaLocation="http://www.openarchives.org/OAI/2.0/ http://www.openarchives.org/OAI/2.0/OAI-PMH.xsd"><responseDate>2026-06-30T01:14:25Z</responseDate><request verb="GetRecord" identifier="oai:riubu.ubu.es:10259/8948" metadataPrefix="marc">https://riubu.ubu.es/oai/request</request><GetRecord><record><header><identifier>oai:riubu.ubu.es:10259/8948</identifier><datestamp>2024-05-14T09:50:03Z</datestamp><setSpec>com_10259_4707</setSpec><setSpec>com_10259_5086</setSpec><setSpec>com_10259_2604</setSpec><setSpec>col_10259_4708</setSpec></header><metadata><record xmlns="http://www.loc.gov/MARC21/slim" xmlns:doc="http://www.lyncode.com/xoai" xmlns:xsi="http://www.w3.org/2001/XMLSchema-instance" xmlns:dcterms="http://purl.org/dc/terms/" xsi:schemaLocation="http://www.loc.gov/MARC21/slim http://www.loc.gov/standards/marcxml/schema/MARC21slim.xsd">
<leader>00925njm 22002777a 4500</leader>
<datafield tag="042" ind1=" " ind2=" ">
<subfield code="a">dc</subfield>
</datafield>
<datafield tag="720" ind1=" " ind2=" ">
<subfield code="a">Escudero Castañeda, Sergio</subfield>
<subfield code="e">author</subfield>
</datafield>
<datafield tag="720" ind1=" " ind2=" ">
<subfield code="a">Álvarez Fuente, Saúl</subfield>
<subfield code="e">author</subfield>
</datafield>
<datafield tag="720" ind1=" " ind2=" ">
<subfield code="a">Briones Llorente, Raúl</subfield>
<subfield code="e">author</subfield>
</datafield>
<datafield tag="720" ind1=" " ind2=" ">
<subfield code="a">Aguilar Romero, Fernando</subfield>
<subfield code="e">author</subfield>
</datafield>
<datafield tag="720" ind1=" " ind2=" ">
<subfield code="a">Muñoz Rujas, Natalia</subfield>
<subfield code="e">author</subfield>
</datafield>
<datafield tag="720" ind1=" " ind2=" ">
<subfield code="a">Rubio Pérez, Gabriel</subfield>
<subfield code="e">author</subfield>
</datafield>
<datafield tag="260" ind1=" " ind2=" ">
<subfield code="c">2022</subfield>
</datafield>
<datafield tag="520" ind1=" " ind2=" ">
<subfield code="a">Aproximadamente el 30 % de las emisiones de gases de efecto invernadero, tienen su origen en los edificios,&#xd;
principalmente en la quema de combustibles de origen fósil. Para remediarlo, los organismos internacionales impulsan políticas&#xd;
para reducir estas cifras, tanto en edificios nuevos como rehabilitaciones. Ante esta situación, se ha realizado un estudio energético&#xd;
de un edificio residencial de siete plantas con 217 viviendas situado en Burgos (España), para conocer sus demandas, consumos y&#xd;
emisiones en su estado actual, con la intención de disminuirlos, mediante la implementación de nuevas tecnologías que cumplan con&#xd;
los requisitos mínimos exigidos por la legislación vigente. El objetivo de este trabajo es el estudio de la viabilidad y el proyecto de&#xd;
sustitución de 217 calderas individuales (gas natural). Tras una evaluación de las distintas soluciones posibles se ha optado por una&#xd;
instalación centralizada de calderas de biomasa y apoyadas por energía solar, con el fin de satisfacer las demandas anuales de&#xd;
calefacción y ACS.</subfield>
</datafield>
<datafield tag="520" ind1=" " ind2=" ">
<subfield code="a">Approximately 30 % of greenhouse gas emissions originate in buildings, mainly from the burning of fossil fuels. To&#xd;
remedy this, international organisations are promoting policies to reduce these figures, both in new buildings and in renovations.&#xd;
In view of this situation, an energy study has been carried out on a seven-storey residential building with 217 dwellings located in&#xd;
Burgos (Spain), in order to find out its demands, consumption and emissions in its current state, with the intention of reducing them&#xd;
by implementing new technologies that comply with the minimum requirements demanded by current legislation. The aim of this&#xd;
work is to study the feasibility and the project for the replacement of 217 individual boilers (natural gas). After an evaluation of the&#xd;
different possible solutions, a centralised installation of biomass boilers supported by solar energy has been chosen in order to meet&#xd;
the annual heating and DHW demands.</subfield>
</datafield>
<datafield tag="024" ind2=" " ind1="8">
<subfield code="a">2444-1309</subfield>
</datafield>
<datafield tag="024" ind2=" " ind1="8">
<subfield code="a">http://hdl.handle.net/10259/8948</subfield>
</datafield>
<datafield tag="024" ind2=" " ind1="8">
<subfield code="a">10.20868/ade.2022.5101</subfield>
</datafield>
<datafield ind1=" " ind2=" " tag="653">
<subfield code="a">Eficiencia energética</subfield>
</datafield>
<datafield ind1=" " ind2=" " tag="653">
<subfield code="a">Sostenibilidad</subfield>
</datafield>
<datafield ind1=" " ind2=" " tag="653">
<subfield code="a">Instalaciones térmicas</subfield>
</datafield>
<datafield tag="245" ind1="0" ind2="0">
<subfield code="a">Centralización de instalaciones térmicas mediante energías renovables para una agrupación de bloques de viviendas</subfield>
</datafield>
</record></metadata></record></GetRecord></OAI-PMH>